| 000 | 01592nam a2200277 a 4500 | ||
|---|---|---|---|
| 001 | 000414569 | ||
| 003 | AM-YeHGA | ||
| 005 | 20250617132938.0 | ||
| 008 | 050312s1990 ||| r 000 0 rus d | ||
| 040 | _aAM-YeHGA | ||
| 041 | 0 | _arus | |
| 245 | 0 | 0 |
_aНефтегазоносность и вопросы освоения месторождений нефти и газа Якутии : _bСб. науч. тр. : [Посвящается 85-летию Н. В. Черского] / _cАН СССР. Сиб. отд-ние. Якут. ин-т геол. наук; Редкол.: В.П. Ларионов, А.Ф. Сафронов (отв. ред.) и др. |
| 260 |
_aЯкутск : _bЯкут. науч. центр СО АН СССР, _c1990. |
||
| 300 |
_a172,5 с. _bпортр.; ил. |
||
| 504 | _aБиблиогр. в конце ст. | ||
| 600 | 1 | 4 | _aЧерский, Николай Васильевич |
| 650 | 1 | 4 |
_aНефтяные месторождения _xГеология _zЯкут. АССР |
| 650 | 1 | 4 |
_aГазовые месторождения _xГеология _zЯкут. АССР |
| 650 | 1 | 4 |
_aНефтедобыча _vСборники |
| 650 | 1 | 4 |
_aГазы природные горючие _xДобыча _vСборники |
| 700 | 1 |
_aЛарионов, Владимир Петрович _eред. _4edt |
|
| 700 | 1 |
_aСафронов, А.Ф. _eред. _4edt |
|
| 710 | 2 |
_aАкадемия наук СССР _bСибирское отделение |
|
| 710 | 2 | _aЯкутский институт геологических наук СО АН СССР | |
| 090 | _c159415 | ||
| 999 |
_c158011 _d158011 |
||